Every 100,000+ City in Denmark in Order - Statistics

General Stats
  • This quiz has been taken 68 times
    24 since last reset
  • The average score is 4 of 5
Answer Stats
Letter Population City % Correct
C 1,408,434 Copenhagen
100%
A 223,104 Aalborg
94%
A 326,503 Aarhus
94%
O 190,057 Odense
82%
F 106,391 Frederiksberg
35%
No matching quizzes found
Score Distribution
Percent of People with Each Score
Percentile by Number Answered
Your Score History
You have not taken this quiz since the last reset